[Event "Macieja Memorial"]
[Site "Warsaw POL"]
[Date "2022.07.08"]
[Round "4.26"]
[White "Sriram, Jha"]
[Black "Gajewski, Dariusz"]
[Result "1-0"]
[WhiteElo "2239"]
[BlackElo "1804"]
[EventDate "????.??.??"]
[PlyCount "93"]

1.d4 Nf6 2.Nf3 d6 3.g3 g6 4.Bg2 Bg7 5.O-O O-O 6.c4 c6 7.Nc3 Nbd7 8.Qc2 Qc7 9.h3 
b6 10.e4 Bb7 11.b3 e5 12.Rd1 Rfe8 13.Ba3 Rac8 14.dxe5 dxe5 15.Bd6 Qd8 16.Nxe5 
Nxe5 17.Bxe5 Qe7 18.Bd6 Qe6 19.e5 Nd7 20.f4 Bf8 21.Bxf8 Nxf8 22.Rd6 Qe7 23.Rad1 
Rcd8 24.Qd3 Rxd6 25.Qxd6 Qe6 26.Ne4 Kg7 27.Nf6 Rc8 28.Qxe6 Nxe6 29.Rd7 Rb8 
30.Rd6 Rd8 31.Ne4 c5 32.Rxd8 Nxd8 33.Nd6 Bxg2 34.Kxg2 Nc6 35.Kf3 Kf8 36.Ke4 Ke7 
37.g4 f6 38.Nb5 a6 39.exf6+ Kxf6 40.Nc7 Nb8 41.Nd5+ Ke6 42.Nxb6 Kd6 43.Nd5 Nc6 
44.Nf6 h6 45.f5 gxf5+ 46.Kxf5 a5 47.Ne4+ 1-0

[Event "Macieja Memorial"]
[Site "Warsaw POL"]
[Date "2022.07.08"]
[Round "4.27"]
[White "Syrkiewicz, Michal"]
[Black "Reza, Wojciech"]
[Result "0-1"]
[WhiteElo "1804"]
[BlackElo "2230"]
[EventDate "????.??.??"]
[PlyCount "122"]

1.e4 e5 2.Nf3 Nc6 3.Bc4 Bc5 4.c3 Nf6 5.d3 a6 6.a4 Ba7 7.O-O d6 8.Re1 O-O 9.h3 
Ne7 10.Nbd2 Ng6 11.Nf1 c6 12.d4 exd4 13.cxd4 Nxe4 14.Rxe4 d5 15.Bxd5 Qxd5 
16.Ng3 Be6 17.b4 Rad8 18.Bb2 Rfe8 19.Qe1 Qb3 20.Qc3 Qxc3 21.Bxc3 Bd5 22.Rxe8+ 
Rxe8 23.Re1 Rxe1+ 24.Nxe1 Nf4 25.f3 Bb3 26.a5 Nd5 27.Bd2 Bxd4+ 28.Kh2 Bc4 
29.Nc2 Be5 30.Ne3 Bd3 31.h4 g6 32.Kh3 h5 33.Ne4 Nf4+ 34.Kh2 Bxe4 35.fxe4 Nd3+ 
36.g3 Bd6 37.Nc2 Kf8 38.Kg2 Ke7 39.Kf3 Ne5+ 40.Ke2 Nc4 41.Be1 Be5 42.Kd3 Nd6 
43.Ne3 Ke6 44.g4 hxg4 45.Nxg4 Nxe4 46.Kxe4 f5+ 47.Kf3 fxg4+ 48.Kxg4 Bf6 49.Kf4 
Kd5 50.Ke3 Kc4 51.Ke4 Kb3 52.Kd3 Be7 53.Ke4 Bxb4 54.Bxb4 Kxb4 55.Ke5 c5 56.Kf6 
c4 57.Kxg6 c3 58.h5 c2 59.h6 c1=Q 60.h7 Qc3 61.Kf7 Qh8 0-1

[Event "Macieja Memorial"]
[Site "Warsaw POL"]
[Date "2022.07.08"]
[Round "4.28"]
[White "Mirski, Michal"]
[Black "Sieciechowicz, Marcin"]
[Result "0-1"]
[WhiteElo "1798"]
[BlackElo "2228"]
[EventDate "????.??.??"]
[PlyCount "68"]

1.e4 c5 2.Nf3 d6 3.d4 cxd4 4.Nxd4 Nf6 5.Nc3 a6 6.g3 e6 7.Bg2 Be7 8.O-O O-O 
9.Be3 Bd7 10.h3 Nc6 11.Nde2 Rc8 12.Qd2 b5 13.a3 Qc7 14.Kh2 Rfd8 15.f4 Na5 16.b3 
Bc6 17.Bd4 d5 18.Qe3 Rb8 19.e5 Ne4 20.Nxe4 dxe4 21.Bxe4 Bxe4 22.Qxe4 Rbc8 
23.Ra2 Nc6 24.Be3 b4 25.Nd4 Nxd4 26.Bxd4 bxa3 27.c4 Bb4 28.f5 Qc6 29.Qg4 exf5 
30.Rxf5 Qd7 31.Be3 g6 32.Raf2 a2 33.Rxf7 Qxg4 34.hxg4 a1=Q 0-1

[Event "Macieja Memorial"]
[Site "Warsaw POL"]
[Date "2022.07.08"]
[Round "4.29"]
[White "Sacharewicz, Krzysztof"]
[Black "Szustakowski, Antoni"]
[Result "1-0"]
[WhiteElo "1776"]
[BlackElo "2173"]
[EventDate "????.??.??"]
[PlyCount "83"]

1.d4 Nf6 2.Nf3 e6 3.g3 d5 4.Bg2 Be7 5.O-O O-O 6.c4 c6 7.Nbd2 b6 8.a4 Na6 9.a5 
Bb7 10.Ne5 Nb4 11.e3 c5 12.Ndf3 Ne4 13.cxd5 exd5 14.Bd2 Ba6 15.axb6 Bxf1 16.b7 
Rb8 17.Bxf1 Rxb7 18.Bxb4 cxb4 19.Qa4 Qd6 20.b3 Rc8 21.Qa6 Rbc7 22.Qe2 Rc2 
23.Qe1 Nxf2 24.Ra6 Qd8 25.Rxa7 Ne4 26.Qa1 Bf6 27.Rd7 Qe8 28.Rxd5 Nc3 29.Ra5 
Bxe5 30.Nxe5 Rc1 31.Qb2 Ne4 32.Qa2 f6 33.Nc4 Nc3 34.Qb2 Rb1 35.Qg2 Kh8 36.Qb7 
Rxc4 37.bxc4 Qxe3+ 38.Kg2 Qd2+ 39.Kh3 Qh6+ 40.Kg2 Rb2+ 41.Kf3 g5 42.Ra8+ 1-0

[Event "Macieja Memorial"]
[Site "Warsaw POL"]
[Date "2022.07.08"]
[Round "4.30"]
[White "Chomczyk, Marek"]
[Black "Owoc, Jakub"]
[Result "1-0"]
[WhiteElo "2172"]
[BlackElo "1779"]
[EventDate "????.??.??"]
[PlyCount "61"]

1.e4 c6 2.d4 d5 3.exd5 cxd5 4.Nf3 Nf6 5.Ne5 a6 6.c4 Nc6 7.Nc3 e6 8.Qa4 Bd7 
9.Nxd7 Qxd7 10.c5 Be7 11.Bf4 O-O 12.Be2 Ne4 13.O-O Nxc3 14.bxc3 f6 15.Bg4 Rae8 
16.Rfe1 Bd8 17.Rab1 Rf7 18.h3 Ba5 19.Qb3 Rfe7 20.Bd6 Rf7 21.Re2 f5 22.Bh5 g6 
23.Bf3 Bc7 24.Bxc7 Qxc7 25.Bxd5 Na5 26.Qb6 Kg7 27.Rxe6 Rxe6 28.Qxe6 Re7 29.Qg8+ 
Kh6 30.Qf8+ Kg5 31.h4+ 1-0

[Event "Macieja Memorial"]
[Site "Warsaw POL"]
[Date "2022.07.08"]
[Round "4.31"]
[White "Kazmierowski, Tymon"]
[Black "Chylewski, Patryk"]
[Result "0-1"]
[WhiteElo "1749"]
[BlackElo "2131"]
[EventDate "????.??.??"]
[PlyCount "42"]

1.d4 Nf6 2.c4 c5 3.e3 e6 4.Nc3 b6 5.Nf3 Bb7 6.Bd3 Be7 7.O-O O-O 8.b3 cxd4 
9.exd4 d5 10.Bb2 Na6 11.Rc1 Rc8 12.Qe2 dxc4 13.Bxc4 Nc7 14.Rfd1 Ncd5 15.Nxd5 
Nxd5 16.Ba6 Nf4 17.Qf1 Rxc1 18.Rxc1 Bxf3 19.gxf3 Bd6 20.Rc3 Qh4 21.a3 Ne2+ 0-1

[Event "Macieja Memorial"]
[Site "Warsaw POL"]
[Date "2022.07.08"]
[Round "4.32"]
[White "Adamski, Jan"]
[Black "Zalega, Maciej"]
[Result "0-1"]
[WhiteElo "2088"]
[BlackElo "1748"]
[EventDate "????.??.??"]
[PlyCount "47"]

1.Nf3 Nf6 2.c4 g6 3.Nc3 Bg7 4.e4 d6 5.d4 O-O 6.Be2 Nbd7 7.O-O e5 8.Be3 Nh5 
9.Qc2 Nf4 10.Rad1 Nxe2+ 11.Qxe2 Qe7 12.Nd5 Qd8 13.dxe5 Nxe5 14.Nxe5 Bxe5 15.Bh6 
Bg7 16.Bxg7 Kxg7 17.f4 c6 18.Nc3 Qe7 19.Qd2 f5 20.Qd4+ Rf6 21.Rfe1 fxe4 22.Nxe4 
Bf5 23.Nxf6 Qxf6 24.Re7+ 0-1

[Event "Macieja Memorial"]
[Site "Warsaw POL"]
[Date "2022.07.08"]
[Round "4.33"]
[White "Shilov, Sergej"]
[Black "Dalkowski, Rafal"]
[Result "1-0"]
[WhiteElo "2082"]
[BlackElo "1738"]
[EventDate "????.??.??"]
[PlyCount "95"]

1.e4 c5 2.f4 g6 3.Nf3 Bg7 4.Bc4 e6 5.f5 gxf5 6.exf5 d5 7.Bb5+ Bd7 8.a4 a6 
9.Bxd7+ Qxd7 10.O-O Nc6 11.fxe6 fxe6 12.d3 O-O-O 13.c3 Nge7 14.d4 cxd4 15.cxd4 
Nf5 16.Bg5 Rde8 17.Nc3 Nfxd4 18.Kh1 Nxf3 19.Qxf3 Rhf8 20.Qd3 h6 21.Bf4 Be5 
22.Ne2 Bd6 23.Rac1 Kb8 24.Bxh6 Rxf1+ 25.Rxf1 Rh8 26.Bf4 e5 27.Bg3 Bc7 28.Qf5 
Qg7 29.Qf7 Qg4 30.Qf3 Qc8 31.Qxd5 Ka8 32.Nc3 Qg4 33.Qe4 Qxg3 34.Rf8+ Rxf8 
35.hxg3 Bb6 36.Qh7 Nd4 37.Kh2 Ne6 38.Nd5 Bd4 39.g4 Ng5 40.Qg7 Ne6 41.Qe7 Rh8+ 
42.Kg3 Nc5 43.Kf3 e4+ 44.Ke2 Rh2 45.Qd8+ Ka7 46.Qb6+ Kb8 47.Qd6+ Ka7 48.Qxh2 1-0

[Event "Macieja Memorial"]
[Site "Warsaw POL"]
[Date "2022.07.08"]
[Round "4.34"]
[White "Kanarkiewicz, Michal"]
[Black "Swiech, Joanna"]
[Result "0-1"]
[WhiteElo "2061"]
[BlackElo "1703"]
[EventDate "????.??.??"]
[PlyCount "74"]

1.e4 e5 2.Nf3 Nc6 3.Bb5 a6 4.Ba4 d6 5.c3 Nf6 6.d4 b5 7.Bc2 Be7 8.O-O O-O 9.Re1 
exd4 10.cxd4 Nb4 11.Nc3 Nxc2 12.Qxc2 c5 13.e5 Nd7 14.dxc5 dxc5 15.Bf4 Bb7 
16.Qe2 Re8 17.Rad1 Qc8 18.e6 Nb6 19.exf7+ Kxf7 20.Ne5+ Kg8 21.Qh5 Qe6 22.Nd7 
Qc6 23.f3 Nxd7 24.Nd5 Nf6 25.Nxe7+ Rxe7 26.Qg5 Rxe1+ 27.Rxe1 Re8 28.Rd1 Qe6 
29.h3 Qe2 30.Rd6 Qe7 31.Rb6 Bc8 32.Bd6 Qf7 33.Bxc5 Qg6 34.Qh4 Qf7 35.Bd4 Nd7 
36.Rd6 Qe7 37.Rd5 Qxh4 0-1

[Event "Macieja Memorial"]
[Site "Warsaw POL"]
[Date "2022.07.08"]
[Round "4.35"]
[White "Michalska, Aleksandra"]
[Black "Niezhentsev, Kyrylo"]
[Result "0-1"]
[WhiteElo "1733"]
[BlackElo "2054"]
[EventDate "????.??.??"]
[PlyCount "164"]

1.e4 c5 2.Nc3 e6 3.f4 d5 4.Bb5+ Bd7 5.Bxd7+ Qxd7 6.d3 Nc6 7.Nf3 Be7 8.Bd2 O-O-O 
9.a3 Kb8 10.e5 Nh6 11.h3 Nf5 12.Ne2 h5 13.c3 f6 14.exf6 Bxf6 15.Qc2 Ka8 
16.O-O-O Rc8 17.g4 Nd6 18.g5 Be7 19.d4 Ne4 20.Be3 Qc7 21.Kb1 a6 22.Rhf1 Qa5 
23.Nd2 Nxd2+ 24.Rxd2 Qb5 25.dxc5 Bxc5 26.Bxc5 Qxc5 27.Nd4 Nxd4 28.Rxd4 Rhf8 
29.Qe2 Qb6 30.Ka2 Rf5 31.Qxh5 Qb5 32.Re1 Qc6 33.Qe2 Re8 34.Qd2 b5 35.h4 Rh8 
36.Rh1 Qc7 37.Qe3 Qd6 38.h5 Re8 39.h6 gxh6 40.Rxh6 Qd7 41.Qh3 Re7 42.g6 Rg7 
43.Rh7 Rf6 44.Qh6 Rfxg6 45.Qxg6 Rxh7 46.f5 exf5 47.Qg8+ Kb7 48.Rxd5 Qf7 49.Qd8 
Qc7 50.Rd4 Qxd8 51.Rxd8 Rf7 52.Rd2 Kc6 53.Kb3 f4 54.Kc2 a5 55.Rf2 Kd5 56.Kd3 
Ke5 57.c4 Rd7+ 58.Kc3 Rc7 59.b3 a4 60.bxa4 Rxc4+ 61.Kd3 Rxa4 62.Rb2 Rxa3+ 
63.Ke2 Ra5 64.Rb4 Kf5 65.Kf3 Ra3+ 66.Kf2 Kg4 67.Rxb5 Ra2+ 68.Kf1 Kg3 69.Rb8 
Ra1+ 70.Ke2 f3+ 71.Ke3 Re1+ 72.Kd2 Re7 73.Rg8+ Kf2 74.Rg6 Rd7+ 75.Kc3 Ke2 
76.Re6+ Kf1 77.Re8 f2 78.Kc2 Rd5 79.Kc3 Kg2 80.Rg8+ Kf3 81.Rf8+ Ke3 82.Re8+ Kf4 0-1

[Event "Macieja Memorial"]
[Site "Warsaw POL"]
[Date "2022.07.08"]
[Round "4.36"]
[White "Vanduyfhuys, Daria"]
[Black "Pires, Emanuel Joao Robarts"]
[Result "1-0"]
[WhiteElo "1716"]
[BlackElo "2037"]
[EventDate "????.??.??"]
[PlyCount "107"]

1.d4 g6 2.c4 Bg7 3.Nc3 c6 4.e4 d6 5.f3 Nd7 6.Be3 e5 7.Nge2 Ne7 8.h4 h5 9.Qd2 
Qc7 10.O-O-O b6 11.Kb1 Bb7 12.d5 c5 13.g4 hxg4 14.fxg4 a6 15.Ng3 O-O-O 16.h5 
gxh5 17.Nxh5 Bf8 18.Qf2 f6 19.Qd2 Kb8 20.Be2 Rg8 21.Rdf1 Rg6 22.Ng3 Bc8 23.Rh7 
Rg7 24.Rxg7 Bxg7 25.Nh5 Bh8 26.Bd1 Ng6 27.Ng3 Ndf8 28.Nf5 Qh7 29.Qf2 Nf4 
30.Bxf4 exf4 31.Qxf4 Ng6 32.Qg3 Ne5 33.Be2 Bxf5 34.exf5 Qh6 35.Ne4 Bg7 36.g5 
fxg5 37.Qxg5 Qxg5 38.Nxg5 Rh8 39.f6 Bf8 40.Ne6 Kc8 41.Rf2 Kd7 42.Kc2 Rg8 43.b3 
Rh8 44.Rg2 Ke8 45.Rf2 Kd7 46.Bd3 Ke8 47.Bf5 Kf7 48.Bd3 a5 49.Nd8+ Ke8 50.Nc6 
Kf7 51.Nxe5+ dxe5 52.Bf5 Kxf6 53.Be6+ Kg5 54.Kd3 1-0

[Event "Macieja Memorial"]
[Site "Warsaw POL"]
[Date "2022.07.08"]
[Round "5.1"]
[White "Klekowski, Maciej"]
[Black "Heberla, Bartlomiej"]
[Result "1-0"]
[WhiteElo "2476"]
[BlackElo "2361"]
[EventDate "????.??.??"]
[PlyCount "117"]

1.c4 e6 2.Nf3 d5 3.e3 Nf6 4.b3 c5 5.Bb2 Nc6 6.cxd5 exd5 7.Bb5 Bd6 8.O-O O-O 
9.d4 cxd4 10.Nxd4 Bc7 11.Nd2 Nxd4 12.Bxd4 Qd6 13.f4 Bb6 14.Nf3 Bg4 15.Be2 Bxf3 
16.Bxf3 Rfe8 17.Rc1 Rac8 18.Qd2 Bxd4 19.Qxd4 b6 20.h3 Rc7 21.Rxc7 Qxc7 22.Bxd5 
Nxd5 23.Qxd5 Qc3 24.Rf3 Qa1+ 25.Kh2 Qxa2 26.e4 Qc2 27.e5 g6 28.Qd7 Qc8 29.Qxa7 
Qc6 30.Rd3 Qe4 31.Qa4 Qxa4 32.bxa4 Ra8 33.Rd4 Ra5 34.Rb4 h5 35.Kg3 Kg7 36.Kf3 
Kf8 37.Ke4 Ke7 38.g4 hxg4 39.hxg4 Kd7 40.Rd4+ Ke7 41.Rb4 Kd7 42.Kd4 Ke7 43.Ke3 
g5 44.Ke4 gxf4 45.Kxf4 Ra8 46.Kf5 Ra5 47.g5 Ra6 48.Rc4 Ra7 49.Rh4 Kf8 50.Kf6 
Kg8 51.Rc4 Ra8 52.Rc7 Rxa4 53.Rc8+ Kh7 54.Kxf7 Rf4+ 55.Ke7 Rf5 56.e6 Kg7 57.Rc6 
b5 58.Kd7 Rd5+ 59.Rd6 1-0

[Event "Macieja Memorial"]
[Site "Warsaw POL"]
[Date "2022.07.08"]
[Round "5.3"]
[White "Koziorowicz, Michal"]
[Black "Brodowski, Piotr"]
[Result "1-0"]
[WhiteElo "2202"]
[BlackElo "2431"]
[EventDate "????.??.??"]
[PlyCount "70"]

1.e4 d6 2.d4 Nf6 3.Nc3 g6 4.Be3 c6 5.h4 h5 6.Nf3 b5 7.Ng5 Nbd7 8.Ne2 Nb6 9.Nf4 
Bg7 10.f3 Qc7 11.Be2 e5 12.dxe5 dxe5 13.Nd3 O-O 14.O-O Bd7 15.Qe1 Rad8 16.Qa5 
Qb8 17.Nc5 Bc8 18.Rfd1 Nfd7 19.a4 bxa4 20.Nxa4 Rfe8 21.Nxb6 Nxb6 22.Bc5 f6 
23.Qa2+ Nd5 24.Nh3 Be6 25.exd5 Bxd5 26.Bc4 e4 27.Bxd5+ cxd5 28.Rxd5 Kh7 29.Rxd8 
Rxd8 30.Qb3 Qc8 31.Qe3 exf3 32.Rxa7 fxg2 33.Nf2 Qf5 34.Rxg7+ Kxg7 35.Qe7+ Kh6 1-0

[Event "Macieja Memorial"]
[Site "Warsaw POL"]
[Date "2022.07.08"]
[Round "5.4"]
[White "Danielyan, Vahe"]
[Black "Mickiewicz, Piotr"]
[Result "1/2-1/2"]
[WhiteElo "2419"]
[BlackElo "2209"]
[EventDate "????.??.??"]
[PlyCount "170"]

1.e4 e5 2.Nf3 Nc6 3.Bb5 a6 4.Ba4 Nf6 5.O-O Be7 6.Nc3 O-O 7.Bxc6 dxc6 8.Nxe5 c5 
9.d3 h6 10.h3 Be6 11.Be3 Bd6 12.Nf3 Nd7 13.Qd2 Qf6 14.Qe2 Rae8 15.Kh1 c6 
16.Rad1 Qg6 17.d4 cxd4 18.Nxd4 Be5 19.Nxe6 Qxe6 20.f4 Bxc3 21.bxc3 Qxe4 22.Rfe1 
Nf6 23.Qd3 Nd5 24.Bd2 Qa4 25.c4 Nf6 26.Qb3 Qxb3 27.axb3 Ne4 28.Kh2 Nxd2 29.Rxe8 
Nf1+ 30.Kg1 Rxe8 31.Kxf1 Re4 32.g3 Re3 33.Kf2 Rc3 34.Rd2 h5 35.h4 Kh7 36.Kg2 
Kg6 37.Re2 a5 38.Kf2 f6 39.Kg2 b5 40.cxb5 cxb5 41.Rf2 a4 42.bxa4 bxa4 43.f5+ 
Kf7 44.Rf4 Rxc2+ 45.Kh3 Ra2 46.Rb4 Ke7 47.Rb7+ Kd6 48.Rxg7 Ke5 49.Rh7 Ra1 
50.Ra7 Kxf5 51.Ra5+ Ke4 52.Rxh5 Kf3 53.Rf5+ Ke3 54.Rxf6 a3 55.Ra6 a2 56.Kg2 Kd3 
57.h5 Kc3 58.h6 Rb1 59.Rxa2 Rb6 60.Kf3 Rxh6 61.Kf4 Rh8 62.Re2 Rf8+ 63.Kg4 Rg8+ 
64.Kh3 Kd3 65.Re7 Kd4 66.g4 Rh8+ 67.Kg3 Rg8 68.Kf4 Rf8+ 69.Kg3 Rg8 70.Re1 Kd5 
71.Re2 Kd4 72.Re1 Kd5 73.Re7 Kd6 74.Re3 Kd5 75.Kh3 Rh8+ 76.Kg3 Rg8 77.Re2 Kd4 
78.Re1 Kd5 79.Kf3 Rf8+ 80.Kg3 Rg8 81.Kh4 Rh8+ 82.Kg5 Rg8+ 83.Kf5 Rf8+ 84.Kg6 
Rg8+ 85.Kh5 Rh8+ 1/2-1/2

[Event "Macieja Memorial"]
[Site "Warsaw POL"]
[Date "2022.07.08"]
[Round "5.5"]
[White "Nasuta, Grzegorz"]
[Black "Czernek, Tymon"]
[Result "1-0"]
[WhiteElo "2366"]
[BlackElo "1973"]
[EventDate "????.??.??"]
[PlyCount "71"]

1.e4 c5 2.Nc3 a6 3.g3 b5 4.Bg2 Bb7 5.d3 e6 6.Nh3 d5 7.exd5 exd5 8.O-O Be7 9.Nf4 
Nf6 10.Qf3 Nc6 11.Ncxd5 O-O 12.Be3 Bd6 13.Nxf6+ Qxf6 14.c3 Rab8 15.Qh5 Ne5 
16.Bxb7 Rxb7 17.d4 Nc4 18.dxc5 Be5 19.Nd5 Qe6 20.Qf3 Rd7 21.Nb6 Nd2 22.Bxd2 
Rxd2 23.b3 Rc2 24.Rac1 Qg6 25.Nd7 Bxc3 26.Nxf8 Kxf8 27.Rxc2 Qxc2 28.Qa8+ Ke7 
29.Qb7+ Kf6 30.Qxa6+ Kg5 31.Qxb5 Bd4 32.c6+ f5 33.Qc4 Qd2 34.c7 Bxf2+ 35.Rxf2 
Qe1+ 36.Kg2 1-0

[Event "Macieja Memorial"]
[Site "Warsaw POL"]
[Date "2022.07.08"]
[Round "5.6"]
[White "Socko, Bartosz"]
[Black "Sadzikowski, Daniel"]
[Result "1-0"]
[WhiteElo "2624"]
[BlackElo "2297"]
[EventDate "????.??.??"]
[PlyCount "103"]

1.d4 Nf6 2.c4 e6 3.Nf3 d5 4.g3 Be7 5.Bg2 O-O 6.O-O Nbd7 7.cxd5 exd5 8.Nc3 c6 
9.Bf4 Nh5 10.Bd2 Nhf6 11.Qc2 Bd6 12.Bf4 Bb8 13.Rac1 Re8 14.Rfe1 Bxf4 15.gxf4 
Ne4 16.Ne5 Ndf6 17.Nxe4 Nxe4 18.Qb3 Nd6 19.Kh1 f6 20.Nd3 Kh8 21.e3 Bf5 22.Nc5 
Re7 23.a4 Qe8 24.Bf3 b6 25.Na6 Be4 26.Qd1 Bxf3+ 27.Qxf3 Ne4 28.Rc2 Rc8 29.Rec1 
Qd7 30.f5 h6 31.b4 Ree8 32.Qf4 Nd6 33.b5 Nc4 34.bxc6 Qxc6 35.Nb4 Qd7 36.Qf3 
Qxa4 37.Nxd5 Nd6 38.Rxc8 Rxc8 39.Rxc8+ Nxc8 40.Nf4 Qd7 41.Ng6+ Kg8 42.Qe4 b5 
43.Qa8 Kf7 44.e4 b4 45.Qb8 a5 46.Kg2 Qc6 47.d5 Qd7 48.f3 Qe8 49.Qc7+ Kg8 50.d6 
Nxd6 51.Qxd6 b3 52.Qd5+ 1-0

[Event "Macieja Memorial"]
[Site "Warsaw POL"]
[Date "2022.07.08"]
[Round "5.7"]
[White "Baum, Jonasz"]
[Black "Markowski, Tomasz"]
[Result "0-1"]
[WhiteElo "2240"]
[BlackElo "2504"]
[EventDate "????.??.??"]
[PlyCount "68"]

1.e4 c5 2.Nf3 d6 3.d4 cxd4 4.Nxd4 Nf6 5.Nc3 a6 6.Be2 e5 7.Nb3 Be7 8.O-O O-O 
9.Qd3 Be6 10.Bd2 Nbd7 11.Nd5 Bxd5 12.exd5 Qc7 13.c4 a5 14.Rac1 Rfe8 15.Qh3 Bf8 
16.Na1 g6 17.Nc2 Bg7 18.Na3 Ne4 19.Nb5 Qd8 20.Be3 Ndc5 21.f3 Nf6 22.Kh1 b6 
23.Bg5 Qe7 24.Qh4 h6 25.Bxh6 Bxh6 26.Qxh6 Nh5 27.Qe3 Kg7 28.g3 f5 29.Kg2 f4 
30.Qd2 Rad8 31.Nc3 Qg5 32.Ne4 Nxe4 33.fxe4 Nxg3 34.h4 Nxf1+ 0-1

[Event "Macieja Memorial"]
[Site "Warsaw POL"]
[Date "2022.07.08"]
[Round "5.8"]
[White "Pakleza, Zbigniew"]
[Black "Skrzypczynski, Kacper"]
[Result "1-0"]
[WhiteElo "2467"]
[BlackElo "1746"]
[EventDate "????.??.??"]
[PlyCount "97"]

1.d4 d5 2.Bf4 Nf6 3.e3 c6 4.c4 Bf5 5.Nc3 e6 6.Qb3 Qc8 7.Rc1 Nbd7 8.cxd5 Nxd5 
9.Bg3 Nxc3 10.bxc3 Be7 11.Nf3 O-O 12.Be2 h6 13.O-O Nf6 14.h3 c5 15.Rfd1 Ne4 
16.Bh2 Rd8 17.Ne5 Bd6 18.f3 Nf6 19.e4 Bh7 20.a4 Nd7 21.Nc4 Bxh2+ 22.Kxh2 a6 
23.Kh1 Qc7 24.a5 Rab8 25.Rb1 Kh8 26.Rb2 Bg8 27.Qa3 f6 28.Rdb1 g5 29.Qa4 Nf8 
30.Nb6 cxd4 31.cxd4 Ng6 32.Bf1 Nf4 33.Rd1 Bf7 34.Rbd2 Be8 35.Qa1 Kg7 36.d5 exd5 
37.exd5 Bb5 38.Bxb5 axb5 39.Qb2 Qc5 40.Rc2 Qe3 41.Rc7+ Kg6 42.Qxb5 Re8 43.Qb1+ 
f5 44.d6 Qf2 45.Rg1 Re2 46.Rc5 Nxh3 47.Qxf5+ Kg7 48.Rc7+ Kg8 49.Qf7+ 1-0

[Event "Macieja Memorial"]
[Site "Warsaw POL"]
[Date "2022.07.08"]
[Round "5.9"]
[White "Grabarczyk, Miroslaw"]
[Black "Krasenkow, Michal"]
[Result "0-1"]
[WhiteElo "2221"]
[BlackElo "2369"]
[EventDate "????.??.??"]
[PlyCount "66"]

1.d4 d5 2.c4 e6 3.Nf3 c6 4.Qc2 dxc4 5.Qxc4 Nf6 6.g3 b5 7.Qc2 Bb7 8.Bg2 Nbd7 
9.O-O c5 10.Rd1 Qb6 11.Be3 Nd5 12.Qd2 Nxe3 13.Qxe3 Be7 14.Nc3 O-O 15.d5 Nf6 
16.dxe6 fxe6 17.a4 Ng4 18.Qd2 c4 19.Rf1 Rad8 20.Qc2 Bc5 21.e3 Bxf3 22.Bxf3 Rxf3 
23.Qe4 Rxf2 24.Rxf2 Bxe3 25.Qxg4 Bxf2+ 26.Kg2 b4 27.Ne4 Bd4 28.Rc1 Bxb2 29.Rxc4 
b3 30.Ng5 Bf6 31.Nxe6 b2 32.Nxd8 b1=Q 33.Rc8 Q6g1+ 0-1

[Event "Macieja Memorial"]
[Site "Warsaw POL"]
[Date "2022.07.08"]
[Round "5.10"]
[White "Kokoszczynski, Jan"]
[Black "Wieczorek, Oskar"]
[Result "0-1"]
[WhiteElo "2160"]
[BlackElo "2330"]
[EventDate "????.??.??"]
[PlyCount "49"]

1.d4 Nf6 2.c4 c5 3.Nf3 g6 4.g3 Bg7 5.Bg2 Qa5+ 6.Nc3 Ne4 7.O-O Nxc3 8.bxc3 O-O 
9.Rb1 Qxa2 10.Bg5 Re8 11.Qd3 Qa5 12.Rb5 Qd8 13.Rxc5 a6 14.Rb1 d6 15.Rxc8 Qxc8 
16.Nd2 Nc6 17.e4 Rb8 18.h4 Qc7 19.Be3 Rec8 20.h5 Na5 21.Rb4 b5 22.hxg6 hxg6 
23.Bh3 bxc4 24.Qc2 Rd8 25.Qa4 0-1

[Event "Macieja Memorial"]
[Site "Warsaw POL"]
[Date "2022.07.08"]
[Round "5.11"]
[White "Makarewicz, Pawel"]
[Black "Dziuba, Marcin"]
[Result "0-1"]
[WhiteElo "2059"]
[BlackElo "2466"]
[EventDate "????.??.??"]
[PlyCount "62"]

1.e4 c6 2.d4 d5 3.exd5 cxd5 4.Bd3 Nc6 5.c3 Qc7 6.Ne2 Bg4 7.f3 Bh5 8.Bf4 Qd7 
9.Nd2 e6 10.a4 Bd6 11.Nb3 Nge7 12.Bxd6 Qxd6 13.O-O O-O 14.Qd2 Bg6 15.Bxg6 hxg6 
16.Nc5 b6 17.Nd3 Na5 18.Ne5 f6 19.Nd3 Nb3 20.Qc2 Nxa1 21.Rxa1 g5 22.Qd2 a5 
23.f4 gxf4 24.Nexf4 e5 25.Ne2 e4 26.Ndf4 g5 27.Nh5 Qe6 28.h4 Qg4 29.Neg3 gxh4 
30.Qh6 hxg3 31.Rf1 Qg6 0-1

[Event "Macieja Memorial"]
[Site "Warsaw POL"]
[Date "2022.07.08"]
[Round "5.12"]
[White "Janik, Igor"]
[Black "Smieszek, Wojciech"]
[Result "1-0"]
[WhiteElo "2456"]
[BlackElo "2034"]
[EventDate "????.??.??"]
[PlyCount "87"]

1.e4 c5 2.Nf3 g6 3.h4 h5 4.Bc4 Bg7 5.d3 Nc6 6.c3 d6 7.Ng5 Nh6 8.Nd2 O-O 9.a4 
Ne5 10.Qe2 a6 11.Bb3 Bd7 12.Ndf3 Nhg4 13.Bf4 Nxf3+ 14.gxf3 Ne5 15.Bc1 b5 16.f4 
c4 17.dxc4 bxc4 18.Bxc4 Nxc4 19.Qxc4 Qb6 20.f5 d5 21.Qxd5 Bc6 22.Qa2 gxf5 
23.Be3 Qb7 24.Rg1 e6 25.Bd4 Bxd4 26.Nxe6+ Kh8 27.Nxd4 Bxe4 28.O-O-O Rab8 29.Rg5 
Bf3 30.Nxf3 Qxf3 31.Qd5 Qf4+ 32.Qd2 Qxh4 33.Qd4+ Qxd4 34.Rxd4 Rb6 35.Rh4 Rg6 
36.Rxf5 Kg7 37.Rfxh5 Re8 38.Rh7+ Kf6 39.Rf4+ Ke5 40.Rfxf7 Rg1+ 41.Kc2 Rg2 
42.Re7+ Rxe7 43.Rxe7+ Kd6 44.Re2 1-0

[Event "Macieja Memorial"]
[Site "Warsaw POL"]
[Date "2022.07.08"]
[Round "5.13"]
[White "Malec, Sebastian"]
[Black "Warakomski, Tomasz"]
[Result "0-1"]
[WhiteElo "2012"]
[BlackElo "2397"]
[EventDate "????.??.??"]
[PlyCount "78"]

1.e4 Nf6 2.e5 Ng8 3.d4 d6 4.f4 Bf5 5.Nf3 dxe5 6.fxe5 e6 7.Bb5+ c6 8.Bd3 Bg4 
9.Be3 Ne7 10.Nbd2 Nd5 11.Qe2 Nb4 12.Be4 Nd7 13.a3 Nd5 14.h3 Bh5 15.O-O-O b5 
16.Rhf1 Be7 17.Kb1 N7b6 18.g4 Bg6 19.h4 Bxa3 20.Bxd5 Nxd5 21.h5 Bxb2 22.hxg6 
Nc3+ 23.Kxb2 Nxe2 24.gxf7+ Kxf7 25.Ng5+ Kg6 26.Rf2 Nxd4 27.Ndf3 Nxf3 28.Rxd8 
Nxg5 29.Rd6 Rhe8 30.Rxc6 Re7 31.Rf4 a6 32.Rd4 Nf7 33.Bf4 h6 34.Kb3 Raa7 35.Kb4 
Ra8 36.Ka5 Nd8 37.Rb6 Rc7 38.Rxa6 Nc6+ 39.Kb6 Rxa6+ 0-1

[Event "Macieja Memorial"]
[Site "Warsaw POL"]
[Date "2022.07.08"]
[Round "5.14"]
[White "Kanarek, Marcel"]
[Black "Goraj, Barbara"]
[Result "0-1"]
[WhiteElo "2394"]
[BlackElo "2015"]
[EventDate "????.??.??"]
[PlyCount "140"]

1.d4 Nf6 2.c4 g6 3.Nc3 Bg7 4.e4 d6 5.Be2 Nbd7 6.Be3 e5 7.d5 Nc5 8.f3 a5 9.Qd2 
Nh5 10.g3 O-O 11.Bd1 f5 12.Bc2 fxe4 13.Nxe4 Nxe4 14.Bxe4 Nf6 15.O-O-O Nxe4 
16.fxe4 Bg4 17.Re1 b5 18.c5 b4 19.c6 a4 20.Qxb4 Rb8 21.Qxa4 Qe7 22.Qc4 Ra8 
23.Kb1 Bc8 24.Qc2 Ba6 25.Ne2 Rfb8 26.Nc3 Rb4 27.a3 Rbb8 28.Kc1 Bc4 29.h4 Rb3 
30.Bg5 Qe8 31.Rh2 Rab8 32.Na4 Ba6 33.Nc3 h6 34.Be3 Qd8 35.Ba7 Qc8 36.Bxb8 Qxb8 
37.Rf2 h5 38.Kb1 Rb6 39.Ka1 Bc4 40.Qd1 Bb3 41.Qd3 Qa7 42.Nb5 Qa5 43.Qxb3 Qxe1+ 
44.Ka2 Qxf2 45.a4 Qc5 46.Qc3 Qxc3 47.bxc3 Bf6 48.Kb3 Bd8 49.Kb4 g5 50.hxg5 Kg7 
51.a5 Ra6 52.Na3 Kg6 53.Kb5 Ra8 54.a6 Kxg5 55.Ka5 Kg4 56.Nb5 Kxg3 57.a7 h4 
58.Ka6 h3 59.Kb7 Rxa7+ 60.Nxa7 h2 61.Kc8 h1=Q 62.Kxd8 Qxe4 63.Kxc7 Qxd5 64.Kb8 
Qb3+ 65.Ka8 Qxc3 66.Kb7 Qb4+ 67.Ka8 Qc5 68.Kb7 e4 69.c7 e3 70.Nc6 Qb5+ 0-1

[Event "Macieja Memorial"]
[Site "Warsaw POL"]
[Date "2022.07.08"]
[Round "5.15"]
[White "Redzisz, Michal"]
[Black "Licznerski, Lukasz"]
[Result "0-1"]
[WhiteElo "1984"]
[BlackElo "2387"]
[EventDate "????.??.??"]
[PlyCount "105"]

1.e4 c6 2.d4 d5 3.e5 Bf5 4.h4 h5 5.Bd3 Bxd3 6.Qxd3 Qa5+ 7.Nd2 Qa6 8.c4 e6 
9.Ngf3 Nh6 10.O-O Nf5 11.b3 Be7 12.a4 Nxh4 13.Nxh4 Bxh4 14.Ba3 Qb6 15.Bd6 Nd7 
16.a5 Qd8 17.a6 b6 18.cxd5 cxd5 19.Rac1 Rc8 20.Nf3 Be7 21.Bxe7 Kxe7 22.b4 g6 
23.b5 Kf8 24.Qd2 Kg7 25.Rxc8 Qxc8 26.Rc1 Qd8 27.Rc6 h4 28.Qg5 Nb8 29.Qxd8 Rxd8 
30.Rc7 Kf8 31.Rxa7 Ke8 32.Rb7 Nd7 33.Nxh4 Rc8 34.a7 Kd8 35.Nf3 Ra8 36.Ng5 Kc8 
37.Rxd7 Kxd7 38.Nxf7 Rxa7 39.Nh8 g5 40.Nf7 g4 41.Nh6 Ra4 42.Nxg4 Rxd4 43.f3 Rb4 
44.Nf6+ Ke7 45.g4 Rxb5 46.Kf2 Rc5 47.Ke3 b5 48.g5 Kf7 49.Nd7 Rc4 50.Nb6 Rc6 
51.Nd7 b4 52.Kd3 b3 53.Nb8 0-1

[Event "Macieja Memorial"]
[Site "Warsaw POL"]
[Date "2022.07.08"]
[Round "5.16"]
[White "Gdanski, Jacek"]
[Black "Lee, Hyo"]
[Result "1-0"]
[WhiteElo "2385"]
[BlackElo "2010"]
[EventDate "????.??.??"]
[PlyCount "127"]

1.e4 e5 2.Nf3 Nf6 3.d4 Nxe4 4.Bd3 d5 5.Nxe5 Nd7 6.Nc3 Nxe5 7.dxe5 Bb4 8.O-O 
Bxc3 9.bxc3 O-O 10.c4 c6 11.cxd5 Qxd5 12.Bb2 Nc5 13.Be2 Rd8 14.Qc1 Bf5 15.Re1 
Qd2 16.Ba3 Ne4 17.Qxd2 Nxd2 18.Rac1 Be6 19.c4 Ne4 20.f3 Nd2 21.Bd6 b5 22.cxb5 
cxb5 23.Bxb5 a6 24.Bd3 f6 25.f4 fxe5 26.fxe5 Rac8 27.Bxa6 Ra8 28.Rc6 Bd5 29.Rb6 
Nc4 30.Bxc4 Bxc4 31.e6 Rxa2 32.e7 Re8 33.Rb8 Bf7 34.Rxe8+ Bxe8 35.Rf1 Bf7 
36.Rc1 Ra8 37.Bc7 Re8 38.Bd8 Be6 39.Rf1 Bf7 40.Rf4 Be6 41.Kf2 Bf7 42.Ke3 Be6 
43.h4 Bf7 44.Kd4 Be6 45.Ke5 Bf7 46.Kd6 Bg6 47.Kd7 h6 48.g4 h5 49.g5 Bf7 50.Rf2 
g6 51.Rf6 Kg7 52.Rf2 Kg8 53.Rf4 Kg7 54.Bc7 Kg8 55.Rb4 Kg7 56.Be5+ Kg8 57.Rb8 
Rxb8 58.Bxb8 Kg7 59.e8=Q Bxe8+ 60.Kxe8 Kg8 61.Ke7 Kg7 62.Ke6 Kh7 63.Kf7 Kh8 
64.Kxg6 1-0